Statistics for McDonald's Countries

Click here to take the quiz!

General Stats

  • This quiz has been taken 1,167 times
    (1,062 since last reset)
  • The average score is 68 of 99

Answer Stats

NumberCountry% Correct
18,590United States
97%
1,600United Kingdom
94%
326Russia
91%
1500China
90%
1,200France
90%
1,400Canada
89%
3,598Japan
88%
780Australia
87%
192India
87%
500Mexico
87%
1,413Brazil
86%
1,361Germany
86%
392Italy
85%
276Spain
85%
230Sweden
85%
468Argentina
84%
93Finland
83%
73Norway
83%
243South Korea
82%
103Ireland
81%
120Portugal
81%
168Austria
80%
63Egypt
80%
129South Africa
80%
25Greece
79%
84Denmark
78%
287Poland
78%
64Belgium
77%
69Chile
77%
152New Zealand
77%
75Ukraine
77%
193Turkey
76%
151Switzerland
75%
149Thailand
75%
8Estonia
74%
110Indonesia
74%
225Netherlands
74%
22Peru
73%
114Saudi Arabia
73%
27Slovakia
72%
78Colombia
71%
9Lithuania
71%
62Romania
71%
109United Arab Emirates
71%
11Latvia
70%
15Serbia
70%
16Slovenia
70%
148Venezuela
70%
2Vietnam
70%
19Croatia
69%
100Hungary
69%
153Israel
69%
6Belarus
68%
1Iraq
68%
1Uruguay
68%
11Paraguay
67%
4Andorra
66%
36Bulgaria
66%
7Luxembourg
66%
194Malaysia
66%
25Pakistan
65%
37Panama
65%
5Bosnia and Herzegovina
64%
20Ecuador
64%
44Costa Rica
63%
27Morocco
63%
374Taiwan
63%
87Czech Republic
62%
1Monaco
62%
9Oman
62%
7Qatar
62%
180Singapore
62%
1Cuba
61%
80Guatemala
61%
1Honduras
60%
11El Salvador
58%
1Bahamas
57%
8Malta
57%
1San Marino
57%
6Nicaragua
56%
17Cyprus
55%
4Moldova
55%
1Montenegro
55%
320Philippines
55%
1Jordan
54%
37Kuwait
54%
14Bahrain
53%
2Liechtenstein
53%
1Dominican Republic
51%
21Lebanon
51%
9Azerbaijan
50%
4Georgia
50%
6Macedonia
50%
2Suriname
48%
3Fiji
45%
1Sri Lanka
45%
1Brunei
40%
6Trinidad and Tobago
39%
2Mauritius
17%

Score Distribution

Percentile by Number Answered

Percent of People with Each Score

Your Score History

You have not taken this quiz since the last reset